| 000 -LEADER |
| fixed length control field |
00806cam a2200217Ia 4500 |
| 020 ## - INTERNATIONAL STANDARD BOOK NUMBER |
| ISBN |
9789251059807 (pbk.) |
| 020 ## - INTERNATIONAL STANDARD BOOK NUMBER |
| ISBN |
9251059802 (pbk.) |
| 040 ## - CATALOGING SOURCE |
| Transcribing agency |
BTCTA |
| 082 04 - DEWEY DECIMAL CLASSIFICATION NUMBER |
| Classification number |
333 FOO 2008 C161 Or. |
| 245 04 - TITLE STATEMENT |
| Title |
The state of food and agriculture 2008 |
| 246 14 - VARYING FORM OF TITLE |
| Title proper/short title |
State of food and agriculture 2008 : |
| Remainder of title |
biofuels : prospects, risks and opportunities |
| 246 30 - VARYING FORM OF TITLE |
| Title proper/short title |
Biofuels : |
| Remainder of title |
prospects, risks and opportunities |
| 260 ## - PUBLICATION, DISTRIBUTION, ETC. (IMPRINT) |
| Place of publication |
Rome : |
| Name of publisher |
Food and Agriculture Organization of the United Nations, |
| Year of publication |
2008 |
| 300 ## - PHYSICAL DESCRIPTION |
| Number of Pages |
xi, 128 p. : |
| Other physical details |
ill. ; |
| Dimensions |
30 cm |
| 650 #0 - SUBJECT ADDED ENTRY--TOPICAL TERM |
| Topical Term |
Biomass energy |
| 650 #0 - SUBJECT ADDED ENTRY--TOPICAL TERM |
| Topical Term |
Energy crops industry |
| 650 #0 - SUBJECT ADDED ENTRY--TOPICAL TERM |
| Topical Term |
Renewable energy sources |
| 710 2# - ADDED ENTRY--CORPORATE NAME |
| Corporate name or jurisdiction name as entry element |
Food and Agriculture Organization of the United Nations |
| 856 41 - ELECTRONIC LOCATION AND ACCESS |
| Uniform Resource Identifier |
ftp://ftp.fao.org/docrep/fao/011/i0100e/i0100e.pdf |
| 942 ## - ADDED ENTRY ELEMENTS (KOHA) |
| Koha item type |
ADB |
| 952 ## - LOCATION AND ITEM INFORMATION (KOHA) |
| Withdrawn status [LOCAL, KOHA] |
0 |